| Tag |
First Indicator |
Second Indicator |
Subfields |
| LEADER |
00000cam a22000001a 4500 |
| 001 |
in00002781932 |
| 006 |
m |o d | |
| 007 |
cr |n||||||||| |
| 008 |
120702s2012 enka ob 001 0 eng d |
| 005 |
20250816222521.6 |
| 020 |
|
|
|a 9780754696261 (electronic bk.)
|
| 020 |
|
|
|a 075469626X (electronic bk.)
|
| 020 |
|
|
|z 9780754669128 (hardcover : alk. paper)
|
| 020 |
|
|
|z 0754669122 (hardcover : alk. paper)
|
| 024 |
8 |
|
|a 40021249310
|
| 035 |
|
|
|a (NhCcYBP)ebr10568755
|
| 040 |
|
|
|a NhCcYBP
|c NhCcYBP
|d UtOrBLW
|
| 043 |
|
|
|a e-uk---
|
| 050 |
|
4 |
|a BF1241
|b .A84 2012
|
| 082 |
0 |
4 |
|a 133.909/034
|2 23
|
| 245 |
0 |
4 |
|a The Ashgate research companion to nineteenth-century spiritualism and the occult /
|c edited by Sarah Willburn and Tatiana Kontou.
|
| 246 |
3 |
0 |
|a Research companion to nineteenth-century spiritualism and the occult
|
| 264 |
|
1 |
|a Farnham, Surrey, England ;
|a Burlington, VT :
|b Ashgate,
|c [2012]
|
| 264 |
|
4 |
|c ©2012
|
| 300 |
|
|
|a 1 online resource.
|
| 336 |
|
|
|a text
|b txt
|2 rdacontent
|
| 337 |
|
|
|a computer
|b c
|2 rdamedia
|
| 338 |
|
|
|a online resource
|b cr
|2 rdacarrier
|
| 490 |
1 |
|
|a Ashgate research companion
|
| 504 |
|
|
|a Includes bibliographical references (pages 383-422) and index.
|
| 588 |
|
|
|a Description based on print version record.
|
| 500 |
|
|
|a Electronic resource.
|
| 650 |
|
0 |
|a Spiritualism
|x History
|y 19th century.
|
| 650 |
|
0 |
|a Occultism
|x History
|y 19th century.
|
| 651 |
|
0 |
|a Great Britain
|x History
|y Victoria, 1837-1901.
|
| 655 |
|
7 |
|a Electronic books.
|2 local
|
| 700 |
1 |
|
|a Willburn, Sarah A.,
|d 1969-
|
| 700 |
1 |
|
|a Kontou, Tatiana.
|
| 710 |
2 |
|
|a ebrary, Inc.
|
| 776 |
1 |
8 |
|c Original
|z 9780754669128
|z 0754669122
|w (DLC) 2011043646
|
| 830 |
|
0 |
|a Ashgate research companion.
|
| 856 |
4 |
0 |
|u https://ebookcentral.proquest.com/lib/tamucs/detail.action?docID=932411
|y Connect to the full text of this electronic book
|t 0
|
| 955 |
|
|
|a YBP purchased DDA e-records
|
| 980 |
|
|
|b 217.43
|g 1
|
| 999 |
f |
f |
|s 33d7fb36-28ba-320b-99e2-16865257a81d
|i 8fd44f9a-9633-3c0d-ac58-cbbbd5d385e6
|t 0
|
| 999 |
|
|
|a MARS
|
| 952 |
f |
f |
|a Texas A&M University
|b College Station
|c Electronic Resources
|d Available Online
|t 0
|e BF1241 .A84 2012
|h Library of Congress classification
|
| 998 |
f |
f |
|a BF1241 .A84 2012
|t 0
|l Available Online
|